Vývoj menových agregátov v prvom polroku 2009
Pohľad na základné trendy vo vývoji hlavných zložiek menového agregátu M3 a jeho protipoložiek v prvom polroku 2009 na Slovensku podobných spôsobom, ako ich analyzuje ECB za celú eurozónu.
Gespeichert in:
| 1. Verfasser: | |
|---|---|
| Format: | Buchkapitel |
| Sprache: | Slowakisch |
| Schlagworte: | |
| Tags: |
Keine Tags, Fügen Sie das erste Tag hinzu!
|
MARC
| LEADER | 00000naa$a2200000$$$4500 | ||
|---|---|---|---|
| 001 | 0107110 | ||
| 005 | 20231116085514.6 | ||
| 041 | 0 | |a slo | |
| 044 | |a SK | ||
| 245 | 1 | 0 | |a Vývoj menových agregátov v prvom polroku 2009 |c Ján Beka |
| 520 | |a Pohľad na základné trendy vo vývoji hlavných zložiek menového agregátu M3 a jeho protipoložiek v prvom polroku 2009 na Slovensku podobných spôsobom, ako ich analyzuje ECB za celú eurozónu. | ||
| 610 | 2 | 0 | |a agregáty menové |
| 610 | 2 | 0 | |a Slovensko |
| 610 | 2 | 0 | |a eurozóna |
| 610 | 2 | 0 | |a politika menová |
| 610 | 2 | 0 | |a obeživo |
| 610 | 2 | 0 | |a organizácie nefinančné |
| 610 | 2 | 0 | |a úver |
| 100 | 1 | |a Beka, Ján | |